000 00668nam a2200229Ia 4500
003 OSt
005 20221007071231.0
006 a|||||r|||| 00| 0
007 ta
008 221006b |||||||| |||| 00| 0 eng d
024 _a46,042
037 _cTextual
040 _aFLL
_cFLL
_beng
041 _2eng
_aeng
082 _aW1, Q9
100 _aDALRYMPLE William Au.
_9596018
245 0 _aAnarchy
_b The east India company, corporate violence, and the pillage of an empire
260 _aLondon
_bBloomsbury Publishing UK
_c2019
300 _axxxv,522p.
_ccm.
942 _hW1, Q9
_cTEXL
_2CC
999 _c1142824
_d1142824